Propuesta de un sistema de recolección de sangre vacuna, en rastros municipales, para la empresa PROTENA S.A.
Propone un sistema de recolección de sangre de ganado vacuno en los rastros municipales, la cual servirá como materia prima para la elaboración de productos de alto valor nutricional, por parte de la empresa proteínas naturales (PROTENA S.A.). Dicho sistema, deberá garantizar la conservación d...
| Main Authors: | , |
|---|---|
| Other Authors: | |
| Format: | Tesis Section = Libro |
| Language: | Undetermined Spanish |
| Published: |
Managua
UNI
2006
|
| Subjects: |
| LEADER | 01339nam a2200265Ia 4500 | ||
|---|---|---|---|
| 008 | 240830s9999 xx 000 0 und d | ||
| 040 | |a CEDOC DACA-RUSB / Mon 628.4 C797 | ||
| 041 | |a spa | ||
| 082 | |a Mon 628.4 C797 | ||
| 100 | 1 | |a Corea Robelo, Yazmin | |
| 100 | 1 | |b Silva Narváez, Giovanni | |
| 245 | 1 | 0 | |a Propuesta de un sistema de recolección de sangre vacuna, en rastros municipales, para la empresa PROTENA S.A. |
| 260 | |a Managua |b UNI |c 2006 | ||
| 300 | |a 106 p. :il | ||
| 500 | |a Contiene anexos; glosario | ||
| 502 | |a Tesis (Ingeniero Químico) -UNI, 2006. | ||
| 520 | 3 | |a Propone un sistema de recolección de sangre de ganado vacuno en los rastros municipales, la cual servirá como materia prima para la elaboración de productos de alto valor nutricional, por parte de la empresa proteínas naturales (PROTENA S.A.). Dicho sistema, deberá garantizar la conservación de la sangre, de manera que sus propiedades no resulten alteradas causas de los diferentes factores que pueden lograr esto. | |
| 650 | 7 | |a TRATAMIENTO DE DESECHOS INDUSTRIALES - RASTROS | |
| 650 | 7 | |b SISTEMAS DE RECOLECCION - SANGRE VACUNA. | |
| 650 | 7 | |c TRATAMIENTO Y ELIMINACION AGUAS NEGRAS. | |
| 650 | 7 | |d IMPACTO AMBIENTAL - EFLUENTES - RASTROS | |
| 700 | 1 | |a Tutor: |b Chavarria, Leonardo | |
| 942 | |c BK |2 ddc | ||
| 991 | |a TESIS | ||
| 999 | |c 26303 | ||